[Event "Besancon op-S"]
[Site "Besancon"]
[Date "1999.??.??"]
[Round "6"]
[White "Decroix, Roger"]
[Black "Vaisman, Volodia"]
[Result "0-1"]
[WhiteElo "2220"]
[BlackElo "2390"]
[PlyCount "138"]
[EventDate "1999.??.??"]
[EventType "swiss"]
[EventRounds "10"]
[EventCountry "FRA"]
[SourceTitle "EXT 2001"]
[Source "ChessBase"]
[SourceDate "2000.11.22"]
[SourceVersion "1"]
[SourceVersionDate "2000.11.22"]
[SourceQuality "1"]

1. d4 g6 2. e4 Bg7 3. c4 c5 4. d5 d6 5. Be2 Nf6 6. Nc3 0-0 7. Nf3 e6 8. 0-0 exd5 9. cxd5 Na6 10. Bf4 Nh5 11. Bg5 f6 12. Be3 f5 13. Bg5 Qb6 14. Rb1 h6 15. Bd2 Qd8 16. Qc1 fxe4 17. Nxe4 Bf5 18. Bd3 Nb4 19. Bxb4 cxb4 20. Qd2 Bg4 21. Ne1 Nf4 22. f3 Qb6+ 23. Kh1 Bd7 24. Bc4 g5 25. Nc2 a5 26. b3 Be5 27. Rbd1 Bf5 28. Ne3 Bxe4 29. fxe4 Bc3 30. Qc1 Ng6 31. Nf5 Bg7 32. Qd2 Rae8 33. Qe2 Nf4 34. Qf3 Kh7 35. g3 Ng6 36. Qg2 g4 37. Be2 h5 38. Bd3 Ne5 39. Bc2 Rc8 40. Rf2 Rc3 41. Rdf1 Qc5 42. Bd1 Bh6 43. h3 Nd3 44. Re2 Rc1 45. hxg4 hxg4 46. Nxh6 Rxd1 47. Nf5 Qc1 48. Kg1 Ne5 49. Qh1+ Kg8 50. Kg2 Rxf1 51. Qxf1 Qxf1+ 52. Kxf1 Nd3 53. Kg2 Rf6 54. Ne3 Rg6 55. Nc4 a4 56. bxa4 Kf8 57. a5 Ke7 58. Rd2 Ne5 59. Ne3 Kf6 60. Rb2 Nd3 61. Rb3 Nc5 62. Rxb4 Rg8 63. Nc4 Nxe4 64. Rxb7 Ra8 65. Rh7 Rc8 66. Ne3 Ke5 67. a6 Kd4 68. Nf5+ Kd3 69. Rb7 Rc2+ 0-1

[Event "Paris-ch op"]
[Site "Paris"]
[Date "1992.??.??"]
[Round "9"]
[White "Giacomazzi, Dominique"]
[Black "Decroix, Roger"]
[Result "1-0"]
[WhiteElo "2245"]
[BlackElo "2205"]
[PlyCount "110"]
[EventDate "1992.04.??"]
[EventType "swiss"]
[EventRounds "9"]
[EventCountry "FRA"]
[SourceTitle "EXT 1997"]
[Source "ChessBase"]
[SourceDate "1996.11.15"]
[SourceVersion "1"]
[SourceVersionDate "1996.11.15"]
[SourceQuality "1"]

1. d4 Nf6 2. c4 e6 3. Nc3 Bb4 4. Qc2 b6 5. f3 Nc6 6. e3 0-0 7. Bd3 d5 8. cxd5 exd5 9. a3 Be7 10. Nge2 Bb7 11. 0-0 Re8 12. b4 a6 13. Ng3 Bf8 14. Nce2 g6 15. Re1 Bg7 16. Bd2 Rc8 17. Rac1 Nb8 18. b5 c5 19. bxc6 Nxc6 20. Qb1 Bh6 21. Nf1 Bf8 22. a4 a5 23. Bb5 Re7 24. Nf4 Rec7 25. Nd3 Na7 26. Rxc7 Rxc7 27. Ne5 Qd6 28. Bd3 Bc8 29. Qb2 Be6 30. Rb1 Nc8 31. Ba6 Nd7 32. Bxc8 Rxc8 33. Nxd7 Qxd7 34. Qxb6 Qxa4 35. Qxa5 Qd7 36. Rc1 Rxc1 37. Bxc1 Qc8 38. Ba3 Bg7 39. Be7 Bf8 40. Qd8 Qxd8 41. Bxd8 Kg7 42. Kf2 f5 43. Bc7 g5 44. Nd2 Be7 45. Be5+ Kg6 46. Nb3 h5 47. Nc5 Bxc5 48. dxc5 Bd7 49. h3 g4 50. Kg3 gxh3 51. gxh3 Bc6 52. Kf4 Bb7 53. h4 Bc6 54. Bd4 Bb5 55. Ke5 Be2 1-0

[Event "Paris-ch op"]
[Site "Paris"]
[Date "1992.??.??"]
[Round "2"]
[White "Pigusov, Evgeny"]
[Black "Decroix, Roger"]
[Result "1-0"]
[WhiteElo "2550"]
[BlackElo "2205"]
[PlyCount "81"]
[EventDate "1992.04.??"]
[EventType "swiss"]
[EventRounds "9"]
[EventCountry "FRA"]
[SourceTitle "EXT 1997"]
[Source "ChessBase"]
[SourceDate "1996.11.15"]
[SourceVersion "1"]
[SourceVersionDate "1996.11.15"]
[SourceQuality "1"]

1. Nf3 Nf6 2. c4 d6 3. d4 g6 4. g3 Bg7 5. Bg2 0-0 6. 0-0 Nbd7 7. Nc3 c6 8. e4 e5 9. b3 Re8 10. Re1 exd4 11. Nxd4 Qa5 12. Bd2 Qb6 13. Be3 Nc5 14. h3 Qa5 15. Qc2 Nfd7 16. Rab1 Ne6 17. Nde2 Qh5 18. Red1 Bf8 19. g4 Qh4 20. f4 Qe7 21. Bf2 Ng7 22. Rd2 h5 23. g5 f6 24. h4 fxg5 25. hxg5 Qe6 26. Rbd1 Qg4 27. Rd3 Nc5 28. Rg3 Qe6 29. Rf1 Qd7 30. Bd4 h4 31. Rh3 Qxh3 32. Bxh3 Bxh3 33. Rf2 Bd7 34. f5 Nh5 35. Nf4 Nxf4 36. Rxf4 gxf5 37. exf5 Re1+ 38. Kf2 Rh1 39. Kg2 Re1 40. Rxh4 Bg7 41. Bxg7 1-0

[Event "Paris-ch op"]
[Site "Paris"]
[Date "1991.??.??"]
[Round "9"]
[White "Coupet, Pascal"]
[Black "Decroix, Roger"]
[Result "1-0"]
[WhiteElo "2265"]
[BlackElo "2180"]
[PlyCount "99"]
[EventDate "1991.05.??"]
[EventType "swiss"]
[EventRounds "9"]
[EventCountry "FRA"]
[SourceTitle "TD"]
[Source "ChessBase"]
[SourceDate "1994.03.01"]
[SourceVersion "1"]
[SourceVersionDate "1994.03.01"]
[SourceQuality "1"]

1. e4 b6 2. d4 Bb7 3. Nc3 e6 4. a3 c5 5. Nf3 d6 6. d5 e5 7. Bg5 Be7 8. h4 a6 9. a4 Nd7 10. g4 Bc8 11. Bxe7 Nxe7 12. h5 h6 13. Nh4 g5 14. hxg6 fxg6 15. Qf3 Rf8 16. Qe3 g5 17. Nf5 Nxf5 18. exf5 Nf6 19. Be2 Ng8 20. Rh3 Bb7 21. 0-0-0 Qc7 22. Ne4 0-0-0 23. Qa3 Kb8 24. b4 Nf6 25. Nxf6 Rxf6 26. bxc5 dxc5 27. c4 e4 28. Qg3 Qf4+ 29. Kc2 Kc7 30. Rdh1 Rdd6 31. Qe3 Qe5 32. f3 Bxd5 33. cxd5 Qxd5 34. Ra1 Qe5 35. Qc3 Rd4 36. Rd1 Kb7 37. Rhh1 Rfd6 38. Rhe1 Qf4 39. fxe4 Qxe4+ 40. Kc1 Qf4+ 41. Kc2 Qe4+ 42. Bd3 Qxg4 43. Re7+ Kb8 44. Rde1 Rxd3 45. Re8+ Kb7 46. R1e7+ Rd7 47. Qxd3 Qxa4+ 48. Qb3 Qc6 49. Rxd7+ Qxd7 50. Qf3+ 1-0